| 000 | 00500cam a2200157 a 4500 | ||
|---|---|---|---|
| 020 | _a8174760806 | ||
| 082 | 0 | 0 |
_a818 _bNOT |
| 245 | 0 | 2 |
_aKhushwant Singh not a nice man to know the best of Khushwant Singh _cedited by Rohini Singh. |
| 260 |
_aNew Delhi : _bUBS Publishers Distributors, _c1993. |
||
| 300 |
_ax, 167 p. : _bill. ; _c22 cm. |
||
| 520 | _aContributed articles. | ||
| 526 |
_a0 _b0 _c0 _d818_000000000000000_NOT |
||
| 650 |
_aMCE _9379 |
||
| 700 | 1 |
_aSingh, Rohini. _945922 |
|
| 942 |
_2ddc _cBK |
||
| 999 |
_c549319 _d549319 |
||